000 01084nam a22002777a 4500
999 _c9998
_d9998
003 AR-CdUCM
008 190329b ||||| |||| 00| 0 spa d
040 _aMUNICIPALIDAD PROVINCIAL DEL CUSCO
_cBIBLIOTECA MUNICIPAL DEL CUSCO
082 _a869.56 /
_bR 1 / 1954
110 _aAsociación Nacional de Escritores y Artistas
_920469
245 _a"Cuatro cantos a Ramón Castilla" /
260 _a[Lima] :
_bBardelli Estremadoyro S.C.,
_c1954.
300 _a[s.n] ;
_bfotografías ;
_c24.5 cm.
500 _aDonación de la familia Nieto.
505 _aHomenaje al Libertador Ramón Castilla, de la Asociación Nacional de Escritores. -- Selección de poemas.
650 _aPoesía peruana - Siglo XX
_914083
650 _aPoetas peruanos
_91611
650 _aPoesía conmemorativa - Ramón Castilla
_926584
650 _aPoesía contemporánea peruana
_915003
700 _aRíos, Juan
_912443
700 _aPérez Luna, Edgardo
_926585
700 _aFerreyros, Carlos E.
_926586
700 _aSamaniego, Antenor (Poetas)
_926587
942 _2ddc
_cLIBROS
945 _alccs